Normal view
MARC view
- Siachen Conflict, 1984-
Entry Topical Term
001 - CONTROL NUMBER
- control field: 46942
003 - CONTROL NUMBER IDENTIFIER
- control field: NUST
005 - DATE AND TIME OF LATEST TRANSACTION
- control field: 20210314133649.0
008 - FIXED-LENGTH DATA ELEMENTS
- fixed length control field: 210314|| aca||aabn | a|a d
040 ## - CATALOGING SOURCE
- Original cataloging agency: NUST
- Transcribing agency: NUST
150 ## - HEADING--TOPICAL TERM
- Topical term or geographic name entry element: Siachen Conflict, 1984-
670 ## - SOURCE DATA FOUND
- Source citation: Work cat.: (NUST): Ali, Syed Ishfaq. 14401, Fangs of ice :, c1991.
